000 00501nmm a2200169Ia 4500
008 251105s9999||||xx |||||||||||||||||und||
020 _a9788468782690
041 _aspa
100 _aDenosky, Kathie
245 0 _aTentación irresistible
264 _a[Madrid, España] :
_bHarlequin,
_c[Fecha de publicación no identificada]
300 _a0 páginas
490 _a'El bueno, el malo y el tejano'
650 _aRomance
856 _uhttps://public.digitaliapublishing.com/a/95115
942 _cCF
999 _c84487
_d84487